Statistics for Click the Movie Title Ending #10

Click here to take the quiz!

General Stats

  • This quiz has been taken 5,612 times
  • The average score is 17 of 24

Answer Stats

HintAnswer% Correct
CasinoRoyale
91%
ResidentEvil
90%
WrongfullyAccused
89%
BeeMovie
85%
PointBreak
84%
TotalRecall
84%
PresumedInnocent
80%
OrdinaryPeople
80%
AfterHours
79%
GhostTown
79%
KindergartenCop
76%
IndecentProposal
73%
TradingPlaces
72%
HallPass
71%
FourChristmases
69%
Pete'sDragon
65%
BillyMadison
65%
OldSchool
64%
VarsityBlues
62%
PatriotGames
62%
AirAmerica
56%
VanishingPoint
56%
FindingForrester
45%
SavingSilverman
38%

Score Distribution

Percentile by Number Answered

Percent of People with Each Score

Your Score History

You have not taken this quiz